Comuni della Provincia di Lecco (con mappa) - Statistics

Statistiche generali
  • Questo quiz è stato fatto 149 volte
  • Il punteggio medio è 48 su 84
Risposte nella Mappa
Le risposte nella mappa del quiz sottostante sono codificate secondo una scala di colori dal rosso al verde in base alla % di persone che hanno risposto correttamente.
 
Statistiche sulle risposte
Risposta % Corretto
Lecco
100%
Mandello del Lario
88%
Abbadia Lariana
85%
Calolziocorte
81%
Merate
79%
Bellano
77%
Olginate
77%
Colico
75%
Valmadrera
75%
Varenna
75%
Ballabio
73%
Oggiono
73%
Pescate
73%
Calco
71%
Garlate
71%
Bosisio Parini
69%
Brivio
69%
Civate
69%
Dervio
69%
Airuno
67%
Malgrate
67%
Primaluna
67%
Vercurago
67%
Annone di Brianza
65%
Barzio
65%
Lierna
65%
Morterone
65%
Pasturo
65%
Casatenovo
63%
Galbiate
63%
Barzanò
60%
Costa Masnaga
60%
Olgiate Molgora
60%
Oliveto Lario
58%
Osnago
58%
Premana
58%
Verderio
58%
Barzago
56%
Cernusco Lombardone
56%
Erve
56%
Esino Lario
56%
Introbio
56%
La Valletta Brianza
56%
Castello di Brianza
54%
Missaglia
54%
Sirtori
54%
Garbagnate Monastero
52%
Molteno
52%
Nibionno
52%
Suello
52%
Taceno
52%
Colle Brianza
50%
Cortenova
50%
Dolzago
50%
Dorio
50%
Santa Maria Hoè
50%
Sirone
50%
Valgreghentino
50%
Carenno
48%
Cesana Brianza
48%
Cremeno
48%
Imbersago
48%
Moggio
48%
Paderno d'Adda
48%
Perledo
48%
Robbiate
48%
Rogeno
48%
Bulciago
46%
Cassina Valsassina
46%
Crandola Valsassina
46%
Ello
46%
Montevecchia
46%
Viganò
46%
Cassago Brianza
42%
Lomagna
42%
Margno
42%
Pagnona
42%
Casargo
40%
Cremella
40%
Monte Marenzo
40%
Monticello Brianza
40%
Valvarrone
40%
Parlasco
38%
Sueglio
33%
Nessun quiz corrispondente trovato
Distribuzione punteggi
Percentuale di utenti per punteggio
Percentile per numero di risposta
I tuoi punteggi nel tempo
Non hai fatto questo quiz